Loading...
| History - World | 0 | 5 | 0 | 1 | 50 | 83 | 99.40 | 0 | 1 | 6.59 | 14.00 |
| History - American | 0 | 5 | 1 | 1 | 45 | 61 | 101.00 | 2 | 3 | 5.81 | 14.63 |
| History - Other | 0 | 5 | 1 | 1 | 45 | 62 | 96.60 | 1 | 1 | 5.58 | 13.88 |
| Philosophy | 0 | 4 | 2 | 0 | 30 | 81 | 100.25 | 0 | 1 | 7.75 | 15.50 |
| Fine Arts - Classical Music | 0 | 4 | 2 | 0 | 30 | 12 | 66.50 | 1 | 3 | 10.29 | 14.00 |
| Literature - American | 0 | 3 | 0 | 0 | 30 | 88 | 103.67 | 0 | 0 | 4.12 | 7.50 |
| History - European | 0 | 3 | 1 | 2 | 25 | 83 | 112.00 | 0 | 1 | 1.45 | 6.50 |
| Geography/Current Events | 0 | 2 | 0 | 1 | 20 | 62 | 97.50 | 1 | 1 | 4.03 | 10.00 |
| Social Science | 0 | 2 | 1 | 0 | 15 | 67 | 76.50 | 0 | 2 | 3.50 | 8.00 |
| Literature - European | 0 | 1 | 0 | 0 | 10 | 87 | 87.00 | 0 | 0 | 1.57 | 3.50 |
| Literature - World/Other | 0 | 1 | 0 | 0 | 10 | 102 | 102.00 | 0 | 0 | 1.43 | 3.00 |
| Mythology | 0 | 1 | 0 | 0 | 10 | 96 | 96.00 | 0 | 0 | 1.39 | 1.50 |
| Literature - British | 0 | 1 | 0 | 0 | 10 | 130 | 130.00 | 0 | 0 | 0.29 | 3.00 |
| Fine Arts - Visual | 0 | 1 | 0 | 0 | 10 | 119 | 119.00 | 0 | 1 | 1.09 | 3.00 |
| Science - Other | 0 | 1 | 0 | 1 | 10 | 112 | 112.00 | 0 | 0 | 0.00 | 0.50 |
| Science - Physics | 0 | 1 | 0 | 0 | 10 | 102 | 102.00 | 0 | 0 | 0.79 | 1.00 |
| Religion | 0 | 1 | 2 | 0 | 0 | 118 | 118.00 | 0 | 0 | 0.53 | 1.00 |